Evolution of Digital Video Consumption Patterns

Spotrebitelia tvarujú a ovplyvňujú trendy na trhu so svojimi túžbami a preferenciami; to si vyžaduje prehodnotenie a zmenu ponúk a komunikácií od spoločností. Najviac úspešné úpravy ponúk sú postavené na príslušnom výskume a tvoria ho návyky spotrebiteľov, často založené na modeloch spotreby obsahu....

Ausführliche Beschreibung

Gespeichert in:
Bibliographische Detailangaben
1. Verfasser: Kuchta, Martin, 1990-
Weitere Verfasser: Miklošík, Andrej
Format: Buchkapitel
Sprache:Englisch
Schlagworte:
Tags: Tag hinzufügen
Keine Tags, Fügen Sie das erste Tag hinzu!

MARC

LEADER 00000nla a2200000 4500
001 0238183
005 20240502073842.7
041 0 |a eng 
044 |a SK 
245 1 0 |a Evolution of Digital Video Consumption Patterns  |c Martin Kuchta, Andrej Miklošík 
520 |a Spotrebitelia tvarujú a ovplyvňujú trendy na trhu so svojimi túžbami a preferenciami; to si vyžaduje prehodnotenie a zmenu ponúk a komunikácií od spoločností. Najviac úspešné úpravy ponúk sú postavené na príslušnom výskume a tvoria ho návyky spotrebiteľov, často založené na modeloch spotreby obsahu. Idetnifikácia digitálnych trendov marketingu kombináciou dvoch základných pilierov: možnosti súvisiace s riadením dát digitálneho prostredia a vývoj spotrebiteľských návykov médií. 
610 2 0 |a stratégia marketingová 
610 2 0 |a zber dát 
610 2 0 |a marketing elektronický 
610 2 0 |a správanie spotrebiteľa 
100 1 |a Kuchta, Martin, 1990- 
700 1 |a Miklošík, Andrej